000 01962cam a22004454i 4500
003 PE-LiUPU
005 20250731183336.0
008 140626s2011 pe abd g f 1 spa d
035 _a(Sirsi) a153471
040 _aPE-LiUPU
_bspa
_cPE-LiUPU
_erda
049 _aPRUA
082 0 4 _a720.9852
_bF7
110 2 _aForo internacional,
_eautor.
245 1 0 _aLIMA ABC Lima camino al bicentenario :
_bFORO INTERNACIONAL: gestión de áreas metropolitanas /
_cexpositores Carlos Antonio de Mattos Pontti [y otros trece].
250 _aPrimera edición.
264 1 _aLima :
_bColegio de Arquitectos del Perú,
_c2011.
300 _a485 páginas :
_bilustraciones ;
_c24 cm
336 _atext
_2rdacontent
337 _aunmediated
_2rdamedia
338 _avolume
_2rdacarrier
505 0 _aParte I (Ponencias) Globalización y metamorfosis metropolitana en América Latina, de la ciudad a lo urbano generalizado -- Retos: la ciudad y su entorno rural, hacia una colaboración activa -- Como avanzar hacia un urbanismo sostenible -- Evaluación.
526 _aP158
526 _aP146
526 _aP17
526 _aP12
526 _aP06
650 1 4 _aArquitectura peruana
_zLima
650 1 4 _aUrbanismo
_xHistoria
_zLima (Perú).
700 1 _aMattos Pontti, Carlos Antonio de,
_eexpositor.
700 1 _aGómez Orea, Domingo,
_eexpositor.
700 1 _aGarcía de los Reyes, Juan Carlos,
_eexpositor.
700 1 _aDurrant Burguess, Rodney,
_eexpositor.
910 _adbm
_cng
_d110914
942 _2ddc
_cBOOK
949 _a720.9852 F7
_wDEWEY
_c1
_i69789
_lCCODEBUL1
_mBUL
_p00.00
_r0
_sY
_tBOOK
_u2015-07-06
_xBIBLIOTECA
_zUNKNOWN
_0DONACION
_o.STAFF. Colección General
994 _aC0
_bPEPRU
596 _a1
999 _a720.9852 F7
_wDEWEY
_c6140
_i69789
_f2021-11-9
_g7
_lCCODEBUL1
_mBUL
_p15.00
_r0
_sY
_tBOOK
_u2015-7-6
_xINGENIERIA
_zUNKNOWN
_0COMPRA
_o.STAFF. Colección General
_d6140
980 _81
_gALBERTO SANCHEZ Responsable de Automatización